[Event "III Festival Terre degli Elimi A"]
[Site "Erice ITA"]
[Date "2012.07.28"]
[Round "4"]
[White "Rizza, Francesco"]
[Black "Gangemi, Salvatore"]
[WhiteElo "2039"]
[BlackElo "2048"]
[Result "0-1"]
[PlyCount "76"]
[EventDate "2012.07.25"]

1. d4 d5 2. c4 e6 3. Nf3 Nf6 4. Nc3 Nbd7 5. Bf4 Bb4 6. Qb3 c5 7. e3 Qa5 8. a3
Ne4 9. Rc1 Bxc3+ 10. bxc3 cxd4 11. exd4 O-O 12. Bd3 dxc4 13. Bxc4 Qf5 14. Be3
e5 15. O-O exd4 16. cxd4 Qh5 17. Bd3 Ndf6 18. Qb1 Re8 19. Rfe1 b6 20. Bf4 Bb7
21. Re3 g5 22. Be5 g4 23. Ne1 Rxe5 24. dxe5 Qxe5 25. Rc4 Re8 26. Nc2 Qf4 27.
Qe1 Re5 28. Nb4 Rh5 29. Bxe4 Qxh2+ 30. Kf1 Bxe4 31. Rcxe4 Qh1+ 32. Ke2 Qxg2 33.
Rf4 Rh1 34. Qxh1 Qxh1 35. Rxf6 Qc1 36. Rf5 Qb2+ 37. Kd3 Qxa3+ 38. Ke4 Qxb4+ 0-1

[Event "III Festival Terre degli Elimi A"]
[Site "Erice ITA"]
[Date "2012.07.28"]
[Round "4"]
[White "Sammalvuo, Tapani"]
[Black "Grasso, Gaetano"]
[WhiteElo "2472"]
[BlackElo "2032"]
[Result "1-0"]
[PlyCount "49"]
[EventDate "2012.07.25"]

1. Nf3 d5 2. d4 Bf5 3. c4 e6 4. Nc3 Nf6 5. Bg5 c6 6. Qb3 Na6 7. cxd5 Qb6 8.
dxc6 bxc6 9. Qxb6 axb6 10. Rc1 Bd6 11. Nh4 Bg6 12. Nxg6 hxg6 13. e4 e5 14. d5
Bb4 15. Bxf6 gxf6 16. Bxa6 Rxa6 17. dxc6 Rxa2 18. O-O Bxc3 19. Rxc3 Kd8 20.
Rd1+ Kc8 21. Rc2 b5 22. g3 Rd8 23. Rd5 Rxd5 24. exd5 Kc7 25. d6+ 1-0

[Event "III Festival Terre degli Elimi A"]
[Site "Erice ITA"]
[Date "2012.07.28"]
[Round "4"]
[White "Savalla, Pietro"]
[Black "Bertino, Giacomo"]
[WhiteElo "1834"]
[BlackElo "1987"]
[Result "1-0"]
[PlyCount "125"]
[EventDate "2012.07.25"]

1. d4 g6 2. e4 Bg7 3. c3 d6 4. Nf3 Nf6 5. Bd3 O-O 6. O-O c6 7. Nbd2 Qc7 8. Qe2
e5 9. dxe5 dxe5 10. Nc4 Nbd7 11. h3 b5 12. Ncd2 a5 13. a4 bxa4 14. Rxa4 Nc5 15.
Ra1 Nh5 16. Qe3 Nxd3 17. Qxd3 Rd8 18. Qc2 Nf4 19. Nb3 Ba6 20. c4 Bc8 21. Be3
Bf8 22. Rfd1 f6 23. Nc5 Ne6 24. Rxd8 Qxd8 25. Nxe6 Bxe6 26. b3 Qc7 27. Bd2 Qb6
28. Qa2 Rb8 29. Bxa5 Qxb3 30. Qxb3 Rxb3 31. Nd2 Ra3 32. Rxa3 Bxa3 33. Kf1 Bb2
34. Bb4 f5 35. f3 Kg7 36. Ke2 Kh6 37. Kd3 Kg5 38. g3 Kh5 39. Be7 g5 40. g4+
fxg4 41. hxg4+ Kg6 42. c5 h5 43. gxh5+ Kxh5 44. Bd6 Kh4 45. Be7 Bd4 46. f4 Kh5
47. fxg5 Kg6 48. Nf3 Ba1 49. Bf6 Bg4 50. Nh4+ Kf7 51. Nf5 Bxf5 52. exf5 Bd4 53.
Kc4 Bb2 54. Bh8 Kg8 55. Bf6 Kf7 56. Kd3 Bd4 57. Ke4 Bxc5 58. Bxe5 Ba3 59. g6+
Kg8 60. f6 Bb4 61. f7+ Kf8 62. Kf5 Bd2 63. Bd6+ 1-0

[Event "III Festival Terre degli Elimi A"]
[Site "Erice ITA"]
[Date "2012.07.28"]
[Round "4"]
[White "Spina, Simonpietro"]
[Black "Messina, Damiano"]
[WhiteElo "1730"]
[BlackElo "1939"]
[Result "0-1"]
[PlyCount "86"]
[EventDate "2012.07.25"]

1. c4 Nf6 2. Nc3 c5 3. g3 g6 4. Bg2 Bg7 5. Nf3 d6 6. O-O Nc6 7. d3 O-O 8. Rb1
Bd7 9. b3 Nd4 10. Bb2 Bc6 11. e3 Nf5 12. Ne2 e5 13. Ne1 Bxg2 14. Nxg2 Qc7 15.
Qc2 Rfe8 16. d4 cxd4 17. exd4 exd4 18. Nxd4 Nxd4 19. Bxd4 d5 20. Qb2 Qd8 21.
cxd5 Nh5 22. Bxg7 Nxg7 23. Ne3 Qg5 24. Rbd1 Rad8 25. Rd3 Nf5 26. Nxf5 Qxf5 27.
Rfd1 Re1+ 28. Rxe1 Qxd3 29. Re5 f6 30. Qe2 Qxe2 31. Rxe2 Rxd5 32. Re7 Rb5 33.
f4 h5 34. Kf2 Kf8 35. Rd7 a6 36. Ke3 Rb4 37. Kd3 a5 38. h3 h4 39. gxh4 Rxf4 40.
Rxb7 Rxh4 41. Ra7 Rxh3+ 42. Kc4 Rh5 43. b4 Rh4+ 0-1

[Event "III Festival Terre degli Elimi A"]
[Site "Erice ITA"]
[Date "2012.07.28"]
[Round "4"]
[White "Todaro, Adriano"]
[Black "Castelli, Giovanni J."]
[WhiteElo "1550"]
[BlackElo "1805"]
[Result "1/2-1/2"]
[PlyCount "31"]
[EventDate "2012.07.25"]

1. e4 e6 2. d3 d5 3. Nd2 Nf6 4. g3 b6 5. Bg2 Bb7 6. e5 Nfd7 7. Ngf3 c5 8. O-O
Nc6 9. Re1 Be7 10. a3 Qc7 11. Qe2 O-O-O 12. Rb1 g5 13. Nf1 g4 14. Ng5 Ndxe5 15.
Nxf7 Nxf7 16. Qxe6+ 1/2-1/2

[Event "III Festival Terre degli Elimi A"]
[Site "Erice ITA"]
[Date "2012.07.28"]
[Round "4"]
[White "Van Veenendaal, Elmer"]
[Black "Batsiashvili, Nino"]
[WhiteElo "2096"]
[BlackElo "2434"]
[Result "0-1"]
[PlyCount "56"]
[EventDate "2012.07.25"]

1. d4 d5 2. c4 e6 3. Nc3 Bb4 4. Nf3 Nf6 5. e3 O-O 6. Bd3 c5 7. O-O Nc6 8. dxc5
Bxc5 9. a3 a5 10. Qc2 Qe7 11. e4 dxe4 12. Bxe4 Nxe4 13. Nxe4 Nd4 14. Nxd4 Bxd4
15. Be3 Bxe3 16. fxe3 f5 17. Nc3 Bd7 18. Rad1 Bc6 19. Rd4 Qc5 20. Kh1 e5 21.
Rdd1 Qxc4 22. Rxf5 Bxg2+ 23. Kg1 Bh3 24. Rxf8+ Rxf8 25. Qe2 Qe6 26. Re1 e4 27.
Kh1 Bg4 28. Qb5 Bf3+ 0-1

[Event "III Festival Terre degli Elimi A"]
[Site "Erice ITA"]
[Date "2012.07.28"]
[Round "4"]
[White "Wallace, Mitchel"]
[Black "Cannella, Carlo"]
[WhiteElo "1852"]
[BlackElo "1950"]
[Result "0-1"]
[PlyCount "46"]
[EventDate "2012.07.25"]

1. Nc3 e5 2. e4 Nf6 3. f4 d5 4. exd5 exf4 5. Qf3 Bd6 6. Bb5+ Bd7 7. Bxd7+ Nbxd7
8. d4 O-O 9. Nge2 Nb6 10. O-O Qd7 11. Bxf4 Bxf4 12. Nxf4 Rad8 13. Rad1 Nbxd5
14. Ncxd5 Nxd5 15. c4 Nxf4 16. Qxf4 Rde8 17. Rd2 Re7 18. d5 Rfe8 19. Rdf2 f6
20. b3 b5 21. Qd4 a6 22. Qa7 Qd6 23. Rf5 c5 0-1

[Event "III Festival Terre degli Elimi A"]
[Site "Erice ITA"]
[Date "2012.07.28"]
[Round "5"]
[White "Batsiashvili, Nino"]
[Black "Guramishvili, Sopiko"]
[WhiteElo "2434"]
[BlackElo "2400"]
[Result "1/2-1/2"]
[PlyCount "30"]
[EventDate "2012.07.25"]

1. d4 d5 2. c4 c6 3. Nf3 Nf6 4. e3 Bg4 5. h3 Bxf3 6. Qxf3 e6 7. Nc3 Nbd7 8. Bd3
Bd6 9. O-O O-O 10. Bd2 Re8 11. b3 Qe7 12. cxd5 exd5 13. Rac1 Ne4 14. Qe2 Nxc3
15. Bxc3 Nf6 1/2-1/2

[Event "III Festival Terre degli Elimi A"]
[Site "Erice ITA"]
[Date "2012.07.28"]
[Round "5"]
[White "Bertino, Giacomo"]
[Black "Fabiano, Giuseppe"]
[WhiteElo "1987"]
[BlackElo "2113"]
[Result "0-1"]
[PlyCount "96"]
[EventDate "2012.07.25"]

1. e4 c5 2. d4 cxd4 3. c3 d3 4. Bxd3 d6 5. Be3 a6 6. Nf3 Nd7 7. Nbd2 Ngf6 8. h3
b6 9. b4 Bb7 10. O-O e6 11. Qe2 Be7 12. Rfd1 Qc7 13. Rac1 d5 14. e5 Nxe5 15.
Nxe5 Qxe5 16. Bxb6 Nd7 17. Be3 h6 18. f4 Qb8 19. Nf3 O-O 20. Rf1 Bd6 21. Nd4
Qd8 22. a4 Re8 23. Bb1 Bf8 24. Nf3 Bd6 25. Qd3 Nf8 26. Ne5 Rc8 27. Bd4 Qc7 28.
Rce1 a5 29. f5 f6 30. Ng4 e5 31. Be3 Qc4 32. Qxc4 Rxc4 33. Ba2 Rxc3 34. bxa5
Kh7 35. Rb1 Ba8 36. Bxh6 Bc5+ 37. Kh1 Rd8 38. Bc1 d4 39. Nf2 Rg3 40. Rg1 d3 41.
Kh2 Bxf2 42. Rb4 e4 43. Rf1 d2 44. Bb3 Rxb3 45. Rxb3 dxc1=Q 46. Rxc1 e3 47. Rc2
Be4 48. Rcb2 Rd2 0-1

[Event "III Festival Terre degli Elimi A"]
[Site "Erice ITA"]
[Date "2012.07.28"]
[Round "5"]
[White "Bifulco, Michel"]
[Black "Brunello, Marina"]
[WhiteElo "2040"]
[BlackElo "2240"]
[Result "0-1"]
[PlyCount "164"]
[EventDate "2012.07.25"]

1. d4 Nf6 2. Nf3 e6 3. e3 c5 4. b3 Nc6 5. Bb2 b6 6. Nbd2 Bb7 7. c4 d5 8. Rc1
Be7 9. cxd5 exd5 10. Bd3 O-O 11. O-O Nb4 12. Bb1 Ba6 13. Re1 Nd3 14. Bxd3 Bxd3
15. Ne5 Bb5 16. Ng4 Ne4 17. Ba3 Rc8 18. Ne5 f6 19. Nxe4 dxe4 20. Nc4 Ba6 21.
dxc5 Bxc5 22. Bxc5 Rxc5 23. Nd6 Bd3 24. Rxc5 bxc5 25. Nc4 Rf7 26. Qd2 Qb8 27.
Qc3 Qb4 28. Rc1 Rd7 29. h3 Qxc3 30. Rxc3 Bb1 31. Na5 Bxa2 32. Rxc5 Bb1 33. Kh2
Bd3 34. Kg3 g5 35. b4 Kf7 36. Nc6 Kg6 37. Ra5 a6 38. h4 Rd6 39. Rc5 Bb5 40. Nd4
Bd7 41. b5 axb5 42. Nxb5 Bxb5 43. Rxb5 f5 44. Rb8 gxh4+ 45. Kxh4 Rd2 46. Kg3 h5
47. Rh8 Re2 48. Rg8+ Kh6 49. Rf8 h4+ 50. Kxh4 Rxf2 51. Kg3 Rf1 52. Ra8 Kg5 53.
Ra2 Rb1 54. Re2 Rb3 55. Kf2 Kg4 56. Ra2 f4 57. Re2 Ra3 58. exf4 Kxf4 59. g3+
Kf5 60. Re3 Ra2+ 61. Re2 Ra1 62. Ke3 Ra3+ 63. Kf2 Rf3+ 64. Kg2 Ke5 65. Rf2 Ra3
66. g4 e3 67. Rf1 Ke4 68. Re1 Ra2+ 69. Kg3 Rf2 70. Ra1 Rb2 71. Re1 Kd3 72. Kf3
Rf2+ 73. Kg3 Re2 74. Ra1 Rb2 75. Kf3 Kd2 76. Ra8 e2 77. Rd8+ Ke1 78. Kf4 Kf2
79. Re8 Rb3 80. g5 Rf3+ 81. Kg4 Re3 82. Rh8 e1=Q 0-1

[Event "III Festival Terre degli Elimi A"]
[Site "Erice ITA"]
[Date "2012.07.28"]
[Round "5"]
[White "Cannella, Carlo"]
[Black "Lo Piccolo, Antonino"]
[WhiteElo "1950"]
[BlackElo "1862"]
[Result "1/2-1/2"]
[PlyCount "93"]
[EventDate "2012.07.25"]

1. e4 e5 2. Nf3 Nc6 3. Bb5 a6 4. Ba4 Nf6 5. O-O Be7 6. Re1 b5 7. Bb3 d6 8. c3
O-O 9. h3 Na5 10. Bc2 c5 11. d4 exd4 12. cxd4 cxd4 13. Nxd4 Bb7 14. Nf5 Re8 15.
Bg5 Rc8 16. Nc3 Nc4 17. Nxe7+ Qxe7 18. Nd5 Bxd5 19. exd5 Qxe1+ 20. Qxe1 Rxe1+
21. Rxe1 Nxb2 22. Bb3 Nd3 23. Re7 Nc5 24. Bxf6 gxf6 25. Kf1 Nxb3 26. axb3 Rc5
27. Ra7 Rxd5 28. Rxa6 Kf8 29. Rb6 Ke7 30. g4 f5 31. g5 f4 32. h4 Ke6 33. Rb7 f6
34. gxf6 Kxf6 35. Rxh7 Rd3 36. Rh6+ Kg7 37. Re6 d5 38. Rd6 b4 39. Kg2 Kf7 40.
h5 Kg7 41. f3 Rxb3 42. Rxd5 Rc3 43. Rb5 b3 44. Kh3 Rxf3+ 45. Kg4 Rf1 46. Rxb3
f3 47. Rxf3 1/2-1/2

[Event "III Festival Terre degli Elimi A"]
[Site "Erice ITA"]
[Date "2012.07.28"]
[Round "5"]
[White "Cannella, Simone"]
[Black "Campo, Renato"]
[WhiteElo "1800"]
[BlackElo "2000"]
[Result "0-1"]
[PlyCount "52"]
[EventDate "2012.07.25"]

1. e4 g6 2. Nc3 Bg7 3. Bc4 c5 4. d3 Nc6 5. Nge2 e6 6. O-O Nge7 7. Ng3 O-O 8. f4
d5 9. Bb3 Nd4 10. Nce2 Nxb3 11. axb3 h5 12. f5 exf5 13. exf5 Nxf5 14. Nxf5 Bxf5
15. Rxf5 gxf5 16. Nf4 Qh4 17. Nxh5 Bd4+ 18. Kh1 Rfe8 19. g3 Qg4 20. Qxg4+ fxg4
21. Bg5 Re5 22. Nf6+ Kg7 23. Bh4 Re2 24. Nh5+ Kh6 25. c3 Bxc3 26. Nf4 Rxb2 0-1

[Event "III Festival Terre degli Elimi A"]
[Site "Erice ITA"]
[Date "2012.07.28"]
[Round "5"]
[White "D'Eredita', Elena"]
[Black "Melograni, Francesco"]
[WhiteElo "1634"]
[BlackElo "1889"]
[Result "1-0"]
[PlyCount "65"]
[EventDate "2012.07.25"]

1. e4 e6 2. Nf3 d5 3. exd5 exd5 4. d4 Bd6 5. Bd3 Ne7 6. h3 O-O 7. O-O c6 8. Re1
Ng6 9. c3 Nf4 10. Bxf4 Bxf4 11. Nbd2 Na6 12. b4 Nc7 13. a4 Qf6 14. Ne5 Qh6 15.
Nf1 f6 16. Ng4 Qg5 17. Qf3 h5 18. Nge3 g6 19. c4 Ne6 20. cxd5 cxd5 21. Nxd5 Bd6
22. b5 Nxd4 23. Qe4 Nf5 24. Nde3 Nxe3 25. Rxe3 Be5 26. Rd1 Kg7 27. Nh2 Bxh2+
28. Kxh2 f5 29. Qd4+ Qf6 30. Bc4 f4 31. Re7+ Kh6 32. Qxf6 Rxf6 33. Rd8 1-0

[Event "III Festival Terre degli Elimi A"]
[Site "Erice ITA"]
[Date "2012.07.28"]
[Round "5"]
[White "Dagnino, Marcello"]
[Black "Galante, Carlotta"]
[WhiteElo "1488"]
[BlackElo "1419"]
[Result "0-1"]
[PlyCount "88"]
[EventDate "2012.07.25"]

1. e4 c5 2. Nf3 d6 3. Bc4 Nf6 4. d3 a6 5. a3 e6 6. Nc3 Be7 7. O-O O-O 8. h3 b5
9. Ba2 Bb7 10. Re1 Qc7 11. Bd2 Nbd7 12. Bg5 h6 13. Bh4 Rac8 14. Nd2 b4 15. Ncb1
a5 16. Bb3 Nb6 17. a4 Bc6 18. Nc4 Nxc4 19. Bxc4 Rfd8 20. Bg3 Qb7 21. Nd2 Rd7
22. Nb3 Qb6 23. Bb5 Bxb5 24. axb5 Qxb5 25. Rxa5 Qc6 26. Nd2 Bd8 27. Ra1 Ra8 28.
Nc4 Bc7 29. Nd2 Rxa1 30. Qxa1 e5 31. f4 exf4 32. Bxf4 Bb6 33. Qa2 c4+ 34. Be3
cxd3 35. Bxb6 Qxb6+ 36. Kf1 dxc2 37. Qa8+ Kh7 38. Nb3 Qb5+ 39. Kg1 Qc4 40. Qa4
Re7 41. Rc1 Nxe4 42. Na5 Qd4+ 43. Kh2 Qxb2 44. Qxc2 Qe5+ 0-1

[Event "III Festival Terre degli Elimi A"]
[Site "Erice ITA"]
[Date "2012.07.28"]
[Round "5"]
[White "Epishin, Vladimir V."]
[Black "Sammalvuo, Tapani"]
[WhiteElo "2567"]
[BlackElo "2472"]
[Result "1-0"]
[PlyCount "51"]
[EventDate "2012.07.25"]

1. d4 Nf6 2. Nf3 e6 3. c4 b6 4. Bf4 Bb7 5. e3 Be7 6. Nc3 Nh5 7. Bd3 d6 8. Qe2
Nd7 9. O-O-O Bf6 10. g4 Nxf4 11. exf4 g6 12. Be4 c6 13. g5 Bg7 14. d5 cxd5 15.
cxd5 e5 16. f5 gxf5 17. Bxf5 Qe7 18. Kb1 O-O-O 19. Nd4 Qxg5 20. Qc2 Kb8 21.
Nc6+ Bxc6 22. dxc6 Nc5 23. Rhg1 Qh6 24. Nb5 Ka8 25. c7 Rdg8 26. Be4+ 1-0

[Event "III Festival Terre degli Elimi A"]
[Site "Erice ITA"]
[Date "2012.07.28"]
[Round "5"]
[White "Ferrante, Marco"]
[Black "Milletari', Ruggero"]
[WhiteElo "2190"]
[BlackElo "1796"]
[Result "1-0"]
[PlyCount "48"]
[EventDate "2012.07.25"]

1. e4 e6 2. d4 d5 3. Nc3 Nf6 4. e5 Nfd7 5. f4 c5 6. Nf3 Nc6 7. Be3 Qb6 8. Na4
Qa5+ 9. c3 cxd4 10. b4 Qc7 11. Nxd4 a6 12. Nb2 Be7 13. Bd3 O-O 14. O-O Nxd4 15.
Bxd4 f6 16. Qh5 f5 17. g4 g6 18. Qh3 Rf7 19. gxf5 gxf5 20. Kh1 Nf8 21. Rg1+ Ng6
22. Rg3 Rg7 23. Rag1 Bf8 24. Qh6 Kh8 1-0

[Event "III Festival Terre degli Elimi A"]
[Site "Erice ITA"]
[Date "2012.07.28"]
[Round "5"]
[White "Ferro, Ferruccio"]
[Black "Ganci, Fabrizio"]
[WhiteElo "1714"]
[BlackElo "2156"]
[Result "0-1"]
[PlyCount "96"]
[EventDate "2012.07.25"]

1. b3 d5 2. Bb2 Nf6 3. e3 Bg4 4. Be2 Bxe2 5. Qxe2 Nbd7 6. Nf3 e6 7. Nc3 a6 8.
O-O b5 9. a3 c5 10. Na2 Bd6 11. d4 O-O 12. Ne5 Qc7 13. f4 Ne4 14. Nc3 Nxc3 15.
Bxc3 Nf6 16. Ng4 Ne4 17. Bb2 c4 18. Nf2 c3 19. Bc1 Nxf2 20. Rxf2 f5 21. a4 b4
22. g3 Rf6 23. e4 fxe4 24. Be3 Rf5 25. Raf1 h5 26. h4 Qa7 27. g4 hxg4 28. Qxg4
Qf7 29. Kh1 Ra7 30. Rh2 Qh5 31. Rg2 Raf7 32. Qxh5 Rxh5 33. Rg4 Be7 34. Kg2 Rxh4
35. Rxh4 Bxh4 36. Rh1 Be7 37. Rh5 Rf5 38. Rh3 g6 39. Rg3 Kg7 40. Rg4 Rh5 41.
Bf2 Bf6 42. Be3 Rh4 43. Rg3 Be7 44. Rh3 Rh5 45. Kg3 Kf6 46. Kg4 Rxh3 47. Kxh3
Kf5 48. Bc1 Bd6 0-1

[Event "III Festival Terre degli Elimi A"]
[Site "Erice ITA"]
[Date "2012.07.28"]
[Round "5"]
[White "Galante, Benedetto"]
[Black "Wallace, Mitchel"]
[WhiteElo "1657"]
[BlackElo "1852"]
[Result "0-1"]
[PlyCount "58"]
[EventDate "2012.07.25"]

1. Nf3 Nf6 2. g3 b6 3. Bg2 Bb7 4. O-O g6 5. d3 Bg7 6. e4 d6 7. Re1 Nbd7 8. Nbd2
O-O 9. Nf1 e5 10. Rb1 Re8 11. h3 d5 12. N3d2 Nc5 13. exd5 Bxd5 14. Bxd5 Qxd5
15. b3 Rad8 16. Ne3 Qc6 17. Ng4 Nxg4 18. Qxg4 h5 19. Qf3 e4 20. Qg2 Bc3 21. Re3
Nxd3 22. Rxe4 Nxc1 23. Rxe8+ Qxe8 24. Ne4 Rd1+ 25. Kh2 Bg7 26. Qf3 Re1 27. Nf6+
Bxf6 28. Qxf6 Qe4 29. Rxc1 Qh1# 0-1

[Event "III Festival Terre degli Elimi A"]
[Site "Erice ITA"]
[Date "2012.07.28"]
[Round "5"]
[White "Gangemi, Salvatore"]
[Black "Piazza, Dario"]
[WhiteElo "2048"]
[BlackElo "1829"]
[Result "0-1"]
[PlyCount "104"]
[EventDate "2012.07.25"]

1. c4 e5 2. g3 Nc6 3. Bg2 f5 4. Nc3 Nf6 5. a3 a5 6. d3 Bc5 7. e3 O-O 8. Nge2 d6
9. O-O Qe8 10. Nd5 Nxd5 11. cxd5 Ne7 12. d4 exd4 13. exd4 Bb6 14. Nf4 Qf7 15.
Re1 Re8 16. b3 Bd7 17. Ra2 Ng6 18. Rae2 Nxf4 19. Bxf4 Qf6 20. Be3 g5 21. Qc1 h6
22. a4 Kf7 23. Bf3 Kg6 24. Qd1 f4 25. Bc1 Rxe2 26. Bxe2 fxg3 27. hxg3 Bxd4 28.
Bh5+ Kg7 29. Qe2 Be5 30. f4 gxf4 31. Bxf4 Bxf4 32. Qe7+ Qxe7 33. Rxe7+ Kf6 34.
Rf7+ Kg5 35. gxf4+ Kxh5 36. Rxd7 Rc8 37. Kf2 Kg4 38. Ke3 Re8+ 39. Kd3 Kxf4 40.
Rxc7 Re5 41. Kc4 Re4+ 42. Kc3 Rb4 43. Rh7 Kg5 44. Rg7+ Kf6 45. Rh7 Kg6 46. Rh8
h5 47. Ra8 h4 48. Rxa5 h3 49. Ra8 Rh4 50. Rg8+ Kf5 51. Rg1 h2 52. Rh1 Ke5 0-1

[Event "III Festival Terre degli Elimi A"]
[Site "Erice ITA"]
[Date "2012.07.28"]
[Round "5"]
[White "Gelardi, Davide"]
[Black "Todaro, Adriano"]
[WhiteElo "1731"]
[BlackElo "1550"]
[Result "1/2-1/2"]
[PlyCount "52"]
[EventDate "2012.07.25"]

1. Nf3 Nf6 2. c4 Nc6 3. Nc3 e5 4. d3 Bb4 5. Bd2 Bxc3 6. Bxc3 d6 7. g3 Bg4 8.
Bg2 O-O 9. O-O Qd7 10. b4 Bh3 11. e3 Bxg2 12. Kxg2 e4 13. Ng5 Qf5 14. Bxf6 gxf6
15. Nxe4 Nxb4 16. Rb1 a5 17. a3 Na6 18. Rxb7 Rfe8 19. Qg4+ Qxg4 20. Nxf6+ Kg7
21. Nxg4 h5 22. Kf3 f5 23. h3 fxg4+ 24. hxg4 Rf8+ 25. Kg2 hxg4 26. Rb5 Kg6
1/2-1/2

[Event "III Festival Terre degli Elimi A"]
[Site "Erice ITA"]
[Date "2012.07.28"]
[Round "5"]
[White "Grasso, Gaetano"]
[Black "Santagati, Alessandro"]
[WhiteElo "2032"]
[BlackElo "2230"]
[Result "1/2-1/2"]
[PlyCount "31"]
[EventDate "2012.07.25"]

1. e4 Nc6 2. Nf3 e6 3. d4 d5 4. exd5 exd5 5. c4 Nf6 6. Nc3 Bb4 7. Bd3 O-O 8.
O-O Bg4 9. Be3 Re8 10. h3 Bh5 11. Rc1 Bxc3 12. bxc3 Na5 13. cxd5 Qxd5 14. c4
Qd7 15. Re1 Nc6 16. Be2 1/2-1/2

[Event "III Festival Terre degli Elimi A"]
[Site "Erice ITA"]
[Date "2012.07.28"]
[Round "5"]
[White "La Franca, Vincenzo"]
[Black "Spina, Simonpietro"]
[WhiteElo "1637"]
[BlackElo "1730"]
[Result "0-1"]
[PlyCount "56"]
[EventDate "2012.07.25"]

1. Nf3 d5 2. d4 Bf5 3. e3 Nf6 4. Bd3 Be4 5. Bxe4 Nxe4 6. Nbd2 Nd7 7. Nxe4 dxe4
8. Ng5 Nf6 9. c4 c6 10. Qc2 Qa5+ 11. Bd2 Qxg5 12. O-O e6 13. f4 Qg6 14. Qb3 Rb8
15. a4 Bd6 16. Be1 O-O 17. Bg3 Qh6 18. Qc2 Qh5 19. h3 Qa5 20. c5 Be7 21. Rab1
Qd8 22. Qf2 Nh5 23. Bh2 f5 24. Qe2 Nf6 25. b4 Nd5 26. b5 Nc3 27. Qc4 Nxb1 28.
Rxb1 Rf6 0-1

[Event "III Festival Terre degli Elimi A"]
[Site "Erice ITA"]
[Date "2012.07.28"]
[Round "5"]
[White "Lorito, Francesco"]
[Black "Marzaduri, Marco R."]
[WhiteElo "1749"]
[BlackElo "1845"]
[Result "0-1"]
[PlyCount "69"]
[EventDate "2012.07.25"]

1. b3 c5 2. c4 Nc6 3. Bb2 Nf6 4. Nf3 e6 5. d4 d5 6. e3 Bd6 7. Nbd2 O-O 8. Rc1
cxd4 9. Nxd4 e5 10. Nb5 Bb8 11. cxd5 Nxd5 12. a3 Be6 13. Be2 f5 14. O-O Rf6 15.
Nf3 Rh6 16. g3 a6 17. Nc3 e4 18. Nd4 Nxd4 19. Qxd4 Ba7 20. Qd2 Nxe3 21. Qxd8+
Rxd8 22. fxe3 Bxe3+ 23. Kg2 Bxc1 24. Bxc1 f4 25. Rxf4 Bh3+ 26. Kg1 Rc6 27. Bb2
Rd2 28. Rf2 Rxb2 29. Bc4+ Rxc4 30. bxc4 Rb3 31. Rc2 Rxa3 32. Nxe4 Ra1+ 33. Kf2
Rh1 34. Ke3 Bf5 35. Nd6 0-1

[Event "III Festival Terre degli Elimi A"]
[Site "Erice ITA"]
[Date "2012.07.28"]
[Round "5"]
[White "Mancuso, Fabrizio"]
[Black "Rizza, Francesco"]
[WhiteElo "1630"]
[BlackElo "2039"]
[Result "0-1"]
[PlyCount "54"]
[EventDate "2012.07.25"]

1. d4 Nf6 2. Nf3 g6 3. Nbd2 Bg7 4. e4 d6 5. Bd3 O-O 6. O-O c5 7. c3 a6 8. a4
cxd4 9. cxd4 Nc6 10. Re1 Bd7 11. Bc4 Na5 12. Ba2 b5 13. axb5 axb5 14. e5 Ne8
15. Nf1 dxe5 16. dxe5 Nc7 17. Bg5 Nc6 18. Qd2 Bg4 19. Qxd8 Rfxd8 20. e6 Bxb2
21. exf7+ Kg7 22. Bxe7 Nxe7 23. Rxe7 Bxa1 24. Ng5 Rxa2 25. Nxh7 Rf8 26. Nxf8
Kxf8 27. Rxc7 Bd4 0-1

[Event "III Festival Terre degli Elimi A"]
[Site "Erice ITA"]
[Date "2012.07.28"]
[Round "5"]
[White "Marzaduri, Riccardo"]
[Black "Bocci, Alessandro"]
[WhiteElo "1846"]
[BlackElo "1905"]
[Result "1-0"]
[PlyCount "79"]
[EventDate "2012.07.25"]

1. e4 c5 2. d4 cxd4 3. Nf3 Nc6 4. Nxd4 Qc7 5. Nc3 e6 6. Be3 a6 7. Qd2 Nf6 8. f3
Bb4 9. Be2 O-O 10. Bg5 Qe5 11. Nb3 d5 12. Bf4 Qh5 13. g4 Qg6 14. e5 Rd8 15.
exf6 d4 16. Bd3 dxc3 17. bxc3 Rxd3 18. cxd3 e5 19. Bg3 Ba3 20. O-O Qxf6 21. Qe2
Be6 22. Rad1 Re8 23. Rb1 h5 24. h4 hxg4 25. fxg4 Qg6 26. g5 Bf5 27. Rbd1 Rd8
28. d4 exd4 29. Nxd4 Bc5 30. Bf2 Nxd4 31. Bxd4 Bxd4+ 32. cxd4 Be6 33. Qf2 Rd5
34. Qf4 Qh5 35. Rde1 Rb5 36. Rf2 Qg4+ 37. Qxg4 Bxg4 38. Rd2 Be6 39. g6 Rb6 40.
d5 1-0

[Event "III Festival Terre degli Elimi A"]
[Site "Erice ITA"]
[Date "2012.07.28"]
[Round "5"]
[White "Messina, Damiano"]
[Black "Ljubisavljevic, Zivojin Z."]
[WhiteElo "1939"]
[BlackElo "2246"]
[Result "0-1"]
[PlyCount "68"]
[EventDate "2012.07.25"]

1. d4 Nf6 2. c4 c5 3. e3 cxd4 4. exd4 g6 5. Nc3 Bg7 6. Nf3 O-O 7. Be2 d5 8. O-O
dxc4 9. Ne5 Be6 10. Nxc4 Nc6 11. Be3 Nd5 12. Nxd5 Qxd5 13. Re1 Nxd4 14. Bxd4
Qxd4 15. Qxd4 Bxd4 16. Bf3 Rac8 17. b3 b6 18. Red1 Rfd8 19. Kf1 h5 20. h3 Kg7
21. Ke2 Bf5 22. g4 hxg4 23. hxg4 Be6 24. Ne3 Bxe3 25. Kxe3 Rxd1 26. Rxd1 Rc2
27. Rd2 Rxd2 28. Kxd2 Kf6 29. Be2 Kg5 30. f3 Kf4 31. Kc3 Bd5 32. Bc4 Bxc4 33.
Kxc4 Kxf3 34. Kd5 Kxg4 0-1

[Event "III Festival Terre degli Elimi A"]
[Site "Erice ITA"]
[Date "2012.07.28"]
[Round "5"]
[White "Monaco, Alessandro"]
[Black "Castelli, Giovanni J."]
[WhiteElo "1700"]
[BlackElo "1805"]
[Result "0-1"]
[PlyCount "62"]
[EventDate "2012.07.25"]

1. e4 e5 2. Nf3 Nc6 3. d4 exd4 4. Bc4 Nf6 5. e5 d5 6. Bb5 Ne4 7. Nxd4 Bd7 8.
Bxc6 bxc6 9. O-O Bc5 10. Be3 Qe7 11. f3 Ng5 12. f4 Ne4 13. Nd2 Nxd2 14. Qxd2
O-O 15. Nb3 Bb6 16. a4 a5 17. Qf2 Bxe3 18. Qxe3 Bf5 19. Qc3 Ra6 20. Rae1 Qb4
21. Qxb4 axb4 22. Nd4 Be4 23. b3 c5 24. Nb5 c6 25. Nd6 Bxc2 26. Rf3 c4 27. bxc4
b3 28. Rf2 Rxa4 29. cxd5 cxd5 30. Nb5 Rfa8 31. Nc3 Ra1 0-1

[Event "III Festival Terre degli Elimi A"]
[Site "Erice ITA"]
[Date "2012.07.28"]
[Round "5"]
[White "Palazzotto, Giuseppe"]
[Black "Van Veenendaal, Elmer"]
[WhiteElo "1893"]
[BlackElo "2096"]
[Result "1/2-1/2"]
[PlyCount "88"]
[EventDate "2012.07.25"]

1. d4 d6 2. Nf3 Nd7 3. Bf4 c5 4. e3 g6 5. Bc4 Bg7 6. Ng5 Qa5+ 7. c3 Nh6 8. Nd2
O-O 9. O-O e5 10. dxe5 dxe5 11. Bg3 Nb6 12. Bb3 Rd8 13. Qe1 Qa6 14. Ngf3 c4 15.
Bc2 f6 16. Qe2 Kh8 17. Rfd1 Be6 18. Ne4 Na4 19. b3 Rxd1+ 20. Rxd1 cxb3 21. Qxa6
bxa6 22. axb3 Nb6 23. Nc5 Bf5 24. Bxf5 Nxf5 25. Nxa6 Kg8 26. Kf1 Kf7 27. c4 Ne7
28. Nc7 Rc8 29. Nb5 Ra8 30. Ne1 a5 31. Rd6 Nbc8 32. Rd1 a4 33. Ra1 Nb6 34. c5
axb3 35. Rb1 Nc4 36. Nd6+ Nxd6 37. cxd6 Nf5 38. d7 Rd8 39. Rxb3 Rxd7 40. Nd3
Rc7 41. Ke2 h5 42. f4 h4 43. Be1 Bh6 44. Rc3 Ra7 1/2-1/2

[Event "III Festival Terre degli Elimi A"]
[Site "Erice ITA"]
[Date "2012.07.28"]
[Round "5"]
[White "Piazza, Francesco"]
[Black "Ferrante, Filippo"]
[WhiteElo "1655"]
[BlackElo "1583"]
[Result "1-0"]
[PlyCount "61"]
[EventDate "2012.07.25"]

1. d4 e6 2. Nf3 c5 3. e3 Nc6 4. c3 Nf6 5. Bd3 d5 6. Nbd2 Bd6 7. O-O c4 8. Bc2
O-O 9. e4 dxe4 10. Nxe4 Nxe4 11. Bxe4 f5 12. Bc2 Ne7 13. Bg5 Qe8 14. Bxe7 Bxe7
15. Ne5 b5 16. f4 Rf6 17. Qf3 Rb8 18. Bd1 Bb7 19. Qe3 Bd6 20. Bf3 Bxf3 21. Qxf3
Bxe5 22. dxe5 Rf7 23. a3 Rd7 24. Rad1 Rbd8 25. Rxd7 Rxd7 26. Qc6 Kf8 27. Qxb5
Rd2 28. Qxc4 Rxb2 29. Rd1 Kf7 30. Qc7+ Qe7 31. Rd7 1-0